Na mori s Horácom Nelsonom

Bibliographic Details
Other Authors: Mičeková, Ľudmila (Illustrator)
Format: Book
Language:Slovak
PhysicalDescription:198 s. ilustr. 22 cm
Published: Bratislava Motýľ 2007
ISBN:9788089199624
Edition:1. vyd.
Subjects:

MARC

LEADER 00000cam a2200000 a 4500
001 vtls009163227
003 SK-MaSNL
005 20260331204659.0
008 190503s2007 xo a j 000 f slo
015 |a SNBA2008/04-01965 
020 |a 9788089199624  |q (viaz.)  |z 8089199624 
035 |a 094B6463-33E8-4209-B0CC-BE00122B6CBD 
035 |a urn:nbn:sk:snk-aml4xt 
035 |a urn:nbn:sk:snk-am008vl6 
040 |a SNK  |b slo  |c SNK  |e AACR2 
041 0 |a slo 
044 |a xo  |c SK 
072 7 |a 821.162.4-3  |x Slovenská próza  |2 konspekt 
072 7 |a 821-93  |x Literatúra pre deti a mládež  |2 konspekt 
080 |a 821.162.4-31  |2 2001 
080 |a 821-93  |2 2001 
080 |a (0:82-311.3)  |2 2001 
100 1 |a Mičeková, Ľudmila  |4 ill  |9 536968 
245 1 |a Na mori s Horácom Nelsonom  |c napísala a ilustrovala Ľudmila Mičeková 
250 |a 1. vyd. 
260 |a Bratislava  |b Motýľ  |c 2007 
300 |a 198 s.  |b ilustr.  |c 22 cm 
650 0 7 |a literatúra pre deti a mládež  |2 SNKPH  |9 21893 
655 7 |a slovenské romány  |2 SNKPH  |9 70324 
655 7 |a dobrodružné romány  |2 SNKPH  |9 70486 
655 7 |a umelecká literatúra  |2 SNKPH  |9 60405 
919 |a 978-80-89199-62-4 
958 |a LX 
958 |a DB 
958 |a OND 
968 |d 821 
999 |c 828049  |d 829979 
952 |a SNK  |b SNK  |y PREZ  |7 0  |p 17A0584903  |o snkSC 131534  |i snk2008/8247  |8 0  |0 0  |1 0  |4 0  |d 2008-04-10  |f 1  |l 0  |r 2025-06-23 00:00:00  |w 2026-02-24 
952 |a SNK  |b SNK  |y VYP  |7 0  |p 17A0584904  |o snkSC 131534 D1  |i snk2008/8248  |8 0  |0 0  |1 0  |4 0  |d 2008-04-10  |l 0  |r 2026-02-24 03:27:51  |w 2026-02-24